000 00541nam a2200181Ia 4500
005 20250326123701.0
008 250326s9999 xx 000 0 und d
037 _aTextbook
040 _aFMSL
_beng
_cFMSL
041 _aeng
_2eng
084 _aX8(A):89ZB M1
_qFMSL
100 _aRangarajan C
245 0 _aStrategy for industrial development in the 80s
_cRangarajan C; Khurana Rakesh
260 _aNew Delhi
_bNew Delhi, Oxford & IBH
_c1981
300 _a242p
942 _cTB
_hX8(A):89ZB M1
999 _c1270489
_d1270489